Climatic change and variability in southern Africa /

Bibliographic Details
Main Author: Tyson, P. D., 1939-
Format: Book
Language:English
Published: Cape Town ; New York : Oxford University Press, 1986
Edition:1st ed.
Subjects:

MARC

Tag First Indicator Second Indicator Subfields
LEADER 00000cam a2200000 a 4500
001 in00000015274
005 20151007053024.0
008 870528s1986 sa a b 00110 eng d
010 |a gb 86024861  
015 |a GB86-24861 
020 |a 0195704304 :  |c No price : CIP confirmed 
035 |a (OCoLC)14240297 
035 |9 AAB0090AM 
040 |a UKM  |c UKM  |d OCL  |d TXA  |d UtOrBLW 
043 |a fs----- 
049 |a TXAM  |c [A12610567] 
050 1 0 |a QC981.8.C5 
050 4 |a QC981.8.C5  |b T97 1987 
082 0 |a 551.6968  |2 19 
100 1 |a Tyson, P. D.,  |d 1939- 
245 1 0 |a Climatic change and variability in southern Africa /  |c P.D. Tyson. 
250 |a 1st ed. 
264 1 |a Cape Town ;  |a New York :  |b Oxford University Press,  |c 1986 
264 3 |c 1987 printing 
300 |a ix, 220 pages :  |b illustrations ;  |c 25 cm. 
336 |a text  |b txt  |2 rdacontent 
337 |a unmediated  |b n  |2 rdamedia 
338 |a volume  |b nc  |2 rdacarrier 
504 |a Includes bibliographies and index. 
650 0 |a Climatic changes  |z Africa, Southern  |x History. 
999 |a MARS 
999 f f |s 29971f1c-5413-3e84-b9e0-94563e0c3211  |i fb37f7a8-fd7e-3df2-b493-b01798d06459  |t 0 
952 f f |p ric  |a Texas A&M University  |b Rellis Campus  |c Joint Library Facility  |d Remote Storage  |t 0  |e QC981.8.C5 T97 1987  |h Library of Congress classification  |i unmediated -- volume  |m A14812610567 
998 f f |a QC981.8.C5 T97 1987  |t 0  |l Remote Storage